Football Clubs by City - Statistics

General Stats
  • This quiz has been taken 6 times
  • The average score is 22 of 43
Answer Stats
City League Club % Correct
London Premier League Arsenal
100%
London Premier League Chelsea
100%
London Premier League Crystal Palace
100%
Manchester Premier League Manchester City
100%
Manchester Premier League Manchester United
100%
London Premier League Tottenham Hotspur
100%
Birmingham, West Midlands Premier League Aston Villa
83%
Birmingham, West Midlands EFL Championship Birmingham City
83%
London Premier League Brentford
83%
London EFL Championship Charlton Athletic
83%
Liverpool, Merseyside Premier League Everton
83%
London Premier League Fulham
83%
London EFL League One Leyton Orient
83%
London EFL Championship Millwall
83%
Nottingham Premier League Nottingham Forest
83%
Nottingham EFL League Two Notts County
83%
London Premier League West Ham United
83%
London EFL League One AFC Wimbledon
67%
Liverpool, Merseyside Premier League Liverpool
67%
London EFL Championship Queens Park Rangers
67%
Manchester EFL League Two Salford City
67%
Liverpool, Merseyside EFL League Two Tranmere Rovers
67%
Manchester EFL League Two Oldham Athletic
50%
Manchester EFL League One Wigan Athletic
50%
Manchester EFL League One Bolton Wanderers
33%
Birmingham, West Midlands EFL Championship Coventry City
33%
Manchester National League Rochdale
33%
Manchester EFL League One Stockport County
33%
London National League Sutton United
33%
London EFL League Two Barnet
17%
London EFL League Two Bromley
17%
Nottingham EFL League One Mansfield Town
17%
London National League Wealdstone
17%
Manchester National League Altrincham
0%
Manchester National League North Curzon Ashton
0%
London National League South Dagenham & Redbridge
0%
London National League South Enfield Town
0%
London National League South Hampton & Richmond Borough
0%
London National League South Hornchurch
0%
Liverpool, Merseyside National League North Marine
0%
Manchester National League North Radcliffe
0%
Liverpool, Merseyside National League North Southport
0%
Nottingham National League North Worksop Town
0%
No matching quizzes found
Score Distribution
Percent of People with Each Score
Percentile by Number Answered
Your Score History
You have not taken this quiz